| 000 | 00482nam a2200169Ia 4500 | ||
|---|---|---|---|
| 008 | 131103s9999 xx 000 0 und d | ||
| 040 | _aLoreto College | ||
| 041 | _aEnglish | ||
| 082 |
_aCHBK-I/UNT _bLCBED/7466 |
||
| 245 | 4 |
_aThe children's treasury of literature in colour _cedited by Bryna & Louis Untermeyer |
|
| 260 |
_aLondon _bPaul Hamlyn _c1967 |
||
| 300 |
_a544p. _b pic. _c 24cm. |
||
| 650 | _aCHBK-I | ||
| 700 | _aBryna;ed. | ||
| 850 | _aLCBED/CHBK-I/UNT | ||
| 942 | _cBK | ||
| 999 |
_c32324 _d82803 |
||